000 00662cam a2200229 a 4500
008
020 _a0495119725 (pbk.)
049 _aMAIN
090 _aQA37.3
_bTAN
100 1 _aTan, S. T.
245 1 0 _aCollege mathematics for the managerial, life, and social sciences /
_cS.T. Tan.
250 _a7th ed.
260 _aLondon :
_bThomson Brooks/Cole,
_cc2008.
300 _axxv, 1195 p. :
_bill. (some col.) ;
_c26 cm.
500 _aIncludes index.
650 0 _aMathematics.
907 _a.b10322644
_b08-11-12
_c05-11-12
003
005 20230123125504.0
040 _cNUST
942 _cBOOKS
_kQA37.3
_mTAN
999 _c142411
_d142411